[Event "N4-Ronde1-CEA-ClermontFerrandEchecs-EC2"]
[Site "Aurillac"]
[Date "2015.10.04"]
[Round "1"]
[White "GAZEL Bruno"]
[Black "BOUCHET Pierre"]
[WhiteElo "1682"]
[BlackElo "1834"]
[Result "0-1"]

1. Nf3 d5 2. d4 Nf6 3. g3 Nc6 4. Bg2 Bf5 5. a3 e6 6. O-O h6 
7. c4 dxc4 8. Qa4 Be4 9. Nbd2 Bd5 10. Nxc4 Bd6 11. Nce5 O-O 
12. b4 Nxd4 13. Nxd4 Bxe5 14. Rd1 Bxg2 15. Nf3 Qe8 16. Qxe8 
Rfxe8 17. Nxe5 Bd5 18. Bb2 Rad8 19. e3 Bb3 20. Rd4 Nd5 
21. Rc1 f6 22. Nf3 e5 23. Rd2 c6 24. Nh4 Nb6 25. Rxd8 Rxd8 
26. Nf3 Na4 27. Ba1 Rd3 28. Ne1 Rd2 29. Rb1 Bd5 30. b5 c5 
31. Rc1 b6 32. Kf1 Bb3 33. Bc3 Nxc3 34. Rxc3 c4 35. Kg2 Ra2 
36. Nd3 Rxa3 37. Nb2 Ra5 38. Nxc4 Bxc4 39. Rxc4 Rxb5 0-1